Caring kids : the role of the schools (Record no. 63702)

MARC details
000 -CABECERA
campo de control de longitud fija 00590nam a2200229 a 4500
005 - FECHA Y HORA DE LA ÚLTIMA TRANSACCIÓN
campo de control 20210223123810.0
008 - ELEMENTOS DE LONGITUD FIJA--INFORMACIÓN GENERAL
campo de control de longitud fija 991125n 000 0 eng u
035 ## - NÚMERO DE CONTROL DEL SISTEMA
Número de control de sistema UPN01000066860
100 1# - ASIENTO PRINCIPAL--NOMBRE PERSONAL
Nombre de persona Kohn, Alfie
9 (RLIN) 40847
222 ## - TÍTULO CLAVE
Título clave PHI DELTA KAPPAN
245 ## - MENCIÓN DE TÍTULO
Título Caring kids : the role of the schools
300 ## - DESCRIPCIÓN FÍSICA
Extensión 496-506
362 ## - FECHAS DE PUBLICACIÓN Y/O DESIGNACIÓN SECUENCIAL
Fecha de publicación y/o designación secuencial 1991 72, No. 7
505 ## - NOTA DE CONTENIDO CON FORMATO PREESTABLECIDO
Nota de contenido con formato Julio 1991
653 0# - TERMINO DE INDIZACION - NO CONTROLADO
Término no controlado EFECTOS DEL CONTEXTO
653 0# - TERMINO DE INDIZACION - NO CONTROLADO
Término no controlado EMPATIA
653 0# - TERMINO DE INDIZACION - NO CONTROLADO
Término no controlado RELACION DE AYUDA
653 0# - TERMINO DE INDIZACION - NO CONTROLADO
Término no controlado RESPONSABILIDAD SOCIAL
653 0# - TERMINO DE INDIZACION - NO CONTROLADO
Término no controlado VALORES MORALES
904 ## - ELEMENTOS DE DATOS D LOCAL, LDD (RLIN)
a AC
b 004671
905 ## - TIPO DE MATERIAL
Tipo de material Articulo

No items available.